000 00573nam a2200229Ia 4500
003 OSt
005 20220918201105.0
006 a|||||r|||| 00| 0
007 ta
008 220917b |||||||| |||| 00| 0 eng d
024 _a91,638
037 _cTextual
040 _aARTS
_cARTS
_beng
041 _2eng
_aeng
082 _aV1:1:N5, K64;3
100 _aGross Feliks
_996778
245 0 _aWorld politics and tension areas
260 _c1964
650 _aWORLD HISTORY
942 _hV1:1:N5, K64;3
_cTEXL
_2CC
999 _c215297
_d215297